000 01265nmm a2200337 a 4500
001 ocm0002015668
003 TR-IsHL
005 20201028180314.0
008 181207s2012 tu tur
007 cr cn
020 _a9786055675424
035 _a2015668
_b(N$T)
050 0 4 _aCB151
_b.K5319 2012
090 0 4 _aCB151
_b.K5319 2012
100 1 _aKidder, David. S.
245 1 0 _aEntelektüelin kutsal kitabı: zihninizi canlandırın, eğitiminizi tamamlayın ve kültürlü insanlar arasında yerinizi alın
_h[electronic resource] /
_cDavid. S. Kidder ; Noah D. Oppenheim ; çeviren: B. Asım Tüccar
250 _a1. Baskı
260 _aİstanbul :
_bMaya Kitap,
_c2012
300 _a372 p.
650 4 _aTarih
650 4 _aHistory
650 0 _aUygarlık
_x Çok yönlü
650 0 _aCivilization
_x Miscellanea
650 0 _aEntelektüel yaşam
_x Çok yönlü
650 0 _aIntellectual life
_x Miscellanea
650 0 _aÖğrenim ve burslar
_x Çok yönlü
650 0 _aLearning and scholarship
_x Miscellanea
650 7 _aSOCIAL SCIENCE / Anthropology / Cultural & Social
_2bisacsh
700 1 _aOppenheim, Noah D.
856 4 0 _uhttp://search.ebscohost.com/login.aspx?direct=true&scope=site&db=e011xww&AN=2015668
999 _c19077
_d19077